书目信息 |
| 题名: |
任职资格管理与宽带薪酬设计
|
|
| 作者: | 蒋伟良 , 谢兵 , 郑君君 著 | |
| 分册: | ||
| 出版信息: | 北京 企业管理出版社 2011 |
|
| 页数: | 330页 | |
| 开本: | 24cm | |
| 丛书名: | ||
| 单 册: | ||
| 中图分类: | F272.92 | |
| 科图分类: | ||
| 主题词: | 企业管理--人事管理 , 企业管理--工资管理 , 企业管理 , 人事管理 , 工资管理 | |
| 电子资源: | ||
| ISBN: | 978-7-80255-839-7 | |
| 000 | 01201nam0 2200325 450 | |
| 001 | 524 | |
| 005 | 20140909091850.14 | |
| 010 | @a978-7-80255-839-7@dCNY39.80 | |
| 100 | @a20111012d2011 em y0chiy50 ea | |
| 101 | 0 | @achi |
| 102 | @aCN@b110000 | |
| 105 | @ay z 000yy | |
| 106 | @ar | |
| 200 | 1 | @a任职资格管理与宽带薪酬设计@ARen Zhi Zi Ge Guan Li Yu Kuan Dai Xin Chou She Ji@f蒋伟良,谢兵,郑君君著@FJiang Wei Liang, Xie Bing, Zheng Jun Jun Zhu |
| 210 | @a北京@c企业管理出版社@d2011 | |
| 215 | @a330页@d24cm | |
| 312 | @a封面英文题名:Qualification administration & compensation design | |
| 330 | @a本书分任职资格管理体系和基于任职资格的职能工资制两部分,包括任职资格管理概念和理念、任职资格接口子系统设计、基于职位和能力的职能工资制基本理念等八章内容。 | |
| 510 | 1 | @aQualification administration & compensation design@zeng |
| 606 | 0 | @a企业管理@x人事管理 |
| 606 | 0 | @a企业管理@x工资管理 |
| 606 | 0 | @a企业管理 |
| 606 | 0 | @a人事管理 |
| 606 | 0 | @a工资管理 |
| 690 | @aF272.92@v5 | |
| 701 | 0 | @a蒋伟良@AJiang Wei Liang@4著 |
| 701 | 0 | @a谢兵@AXie Bing@4著 |
| 701 | 0 | @a郑君君@AZheng Jun Jun@4著 |
| 801 | 0 | @aCN@bTANGWEI@c20140603 |
| 905 | @b0837814-16@dF272.92@e1039@f3 | |
| 任职资格管理与宽带薪酬设计/蒋伟良,谢兵,郑君君著.-北京:企业管理出版社,2011 |
| 330页;24cm |
| ISBN 978-7-80255-839-7:CNY39.80 |
| 本书分任职资格管理体系和基于任职资格的职能工资制两部分,包括任职资格管理概念和理念、任职资格接口子系统设计、基于职位和能力的职能工资制基本理念等八章内容。 |
| ● |
| 相关链接 |
|
|
|
|
正题名:任职资格管理与宽带薪酬设计
索取号:F272.92/1039
 
预约/预借
| 序号 | 登录号 | 条形码 | 馆藏地/架位号 | 状态 | 备注 |
| 1 | 0837814 | 208378147 | 第一样本阅览室/ [索取号:F272.92/1039] | 在馆 | |
| 2 | 0837815 | 208378156 | 第一借阅区/ [索取号:F272.92/1039] | 在馆 | |
| 3 | 0837816 | 208378165 | 经管系资料室/ [索取号:F272.92/1039] | 在馆 |